Yo sé por qué canta el pájaro enjaulado /
Αποθηκεύτηκε σε:
| Κύριος συγγραφέας: | |
|---|---|
| Μορφή: | Βιβλίο |
| Γλώσσα: | Ισπανικά |
| Έκδοση: |
Barcelona, España :
Libros del Asteroide,
2016, c2016
|
| Σειρά: | (Libros del Asteroide ;
162) |
| Θέματα: | |
| Ετικέτες: |
Δεν υπάρχουν, Καταχωρήστε ετικέτα πρώτοι!
|
MARC
| LEADER | 00000nam^a2200000^a^4500 | ||
|---|---|---|---|
| 001 | 000410589 | ||
| 005 | 20250521000000.0 | ||
| 009 | 20260310122050.895 | ||
| 020 | |a 978-84-16213-66-5 | ||
| 037 | |a Acervo ITESO - Biblioteca | ||
| 041 | |a ESP | ||
| 082 | |a 819. 5092 |b ANG V. 1 | ||
| 100 | |a Angelou, Maya |e (autor) | ||
| 240 | 1 | 1 | |a [Yo sé por qué canta el pájaro enjaulado] |
| 245 | 1 | 0 | |a Yo sé por qué canta el pájaro enjaulado / |c M. Angelou ; tr. por Carlos Manzano. |
| 264 | 4 | |a Barcelona, España : |b Libros del Asteroide, |c 2016, c2016 | |
| 300 | |a 348 p. | ||
| 336 | |a texto |b txt |2 rdacontenido | ||
| 337 | |a sin mediación |b n |2 rdamedio | ||
| 338 | |a volumen |b nc |2 rdasoporte | ||
| 440 | 1 | |a (Libros del Asteroide ; |v 162) | |
| 500 | |a Traducción de: I Know Why the Caged Bird Sings | ||
| 521 | |a FIL 2018 DIA | ||
| 545 | 0 | |a Maya Angelou (Saint Louis, 1928 – Winston-Salem, 2014), nombre literario de Marguerite Johnson, una de las voces centrales de la literatura afroanorteamericana y figura relevante en el movimiento de lucha por los derechos civiles en Estados Unidos. Vivió una infancia y adolescencia colmadas de duros episodios, que recordó en las dos primeras entregas de sus memorias: Ahora sé por qué cantan los pájaros enjaulados/Yo sé por qué canta el pájaro enjaulado (1970) y Encontraos en mi nombre (1974). Prosiguió su recuento autobiográfico en Singin' and Swingin' and Gettin' Merry Like Christmas (1976), The Heart of a Woman (1981), All God's Children Need Travelling Shoes (1986), A Song Flung up to Heaven (2002), que testimonian sus experiencias como activista social o su profundo amor hacia Ghana, y el atípico Hallelujah! The Welcome Table: A Lifetime of Memories with Recipes (2004), donde entremezcla la memoria con el placer culinario. No menos relevante es una obra poética iniciada con Just Give Me a Cool Drink of Water 'Fore I Die (1971, finalista del Premio Pulitzer) y reunida en el volumen The Complete Collected Poems of Maya Angelou (1994), de la que pueden citarse Oh Pray My Wings are Gonna Fit Me Well (1975), And Still I Rise (1978), I Shall Not Be Moved (1990), On the Pulse of Morning (1993) –poema compuesto a petición de Bill Clinton para su toma de posesión presidencial- o Phenomenal Woman (1995). También autora de libros infantiles y ensayos, guionista y directora de cine, esta biznieta de esclavos nunca cursó estudios formales, pero recibió numerosos reconocimientos de universidades norteamericanas y extranjeras y, sobre todo, la admiración de varias generaciones de mujeres afroamericanas, quienes en sus creaciones literarias han encontrado una fuente de fortaleza e inspiración. | |
| 649 | |a XX | ||
| 650 | |a Escritores Afroamericanos - |x Memorias | ||
| 650 | |a Escritores Norteamericanos - |x Memorias | ||
| 650 | |a Mujeres Afroamericanas - |x Memorias | ||
| 650 | |a Mujeres Norteamericanas - |x Memorias | ||
| 650 | |a Negros en EUA - |x Memorias | ||
| 650 | |a Adolescentes en la Literatura | ||
| 650 | |a Niños en la Literatura | ||
| 650 | |a Autobiografías Norteamericanas | ||
| 650 | |a Novela de Iniciación - |z EUA | ||
| 650 | |a Novela Norteamericana | ||
| 650 | |a Literatura Autobiográfica - |z EUA | ||
| 650 | |a Literatura Afroamericana - |z EUA | ||
| 650 | |a Literatura de Mujeres - |z EUA | ||
| 650 | |a Literatura y Sociedad - |z EUA | ||
| 650 | |a Literatura Norteamericana - |y Siglo XX | ||
| 650 | |a Abuso Sexual Infantil en la Literatura | ||
| 650 | |a Racismo - |z EUA (Región Sudoeste Viejo) - |x Historia - |y 1933-1945 | ||
| 650 | |a Arkansas, EUA en la Literatura | ||
| 650 | |a Arkansas, EUA - |x Historia - |y 1933-1945 | ||
| 650 | |a Arkansas, EUA - |x Historia - |y Siglo XX | ||
| 650 | |a EUA (Región Sudoeste Viejo) en la Literatura | ||
| 650 | |a EUA (Región Sudoeste Viejo) - |x Historia - |y 1933-1945 | ||
| 650 | |a EUA (Región Sudoeste Viejo) - |x Historia - |y Siglo XX | ||
| 650 | |a Angelou, Maya - |x Tema Principal | ||
| 910 | |a Fondo General | ||
| 920 | |a Impresos - Libros | ||
| 930 | |a Colección General | ||
| 940 | |a Literatura | ||
| 905 | |a 101 | ||
| 901 | |a 0500311713 |b IT1 |c LIT |i C164408 |u 20250521 | ||
| 902 | |a https://opac.biblio.iteso.mx/vufind/Record/000410589 | ||